| 000 | 00434nam a2200157 i 4500 | ||
|---|---|---|---|
| 001 | 32214 | ||
| 003 | ES-MaACL | ||
| 005 | 20230906154531.0 | ||
| 007 | t| | ||
| 008 | 030130s1956 sp ||||1| spa d | ||
| 100 | 1 |
_aBernat y Carreras, M. _928303 |
|
| 245 | 1 | 0 |
_aAlgunas nociones psiquiátricas / _cM. Bernat y Carreras. |
| 260 |
_aBarcelona : _bBetis, _c1956. |
||
| 300 |
_a56 p. ; _c19 cm. |
||
| 852 |
_aES-MaACL _j1995-F-12 _bR.39795 |
||
| 999 |
_c32214 _d32214 |
||